| 000 | 00882nam a2200193 i 4500 | ||
|---|---|---|---|
| 001 | 189596 | ||
| 003 | SpMaBN | ||
| 005 | 20230906223517.0 | ||
| 008 | 190624s1861 sp |||| | spa d | ||
| 080 | _a622 | ||
| 100 | 1 |
_aÁlvarez Builla, Restituto. _9167407 |
|
| 245 | 1 | 0 |
_aObservaciones prácticas sobre la minería carbonera de Asturias / _cpor Restituto Álvarez Builla. |
| 260 |
_aOviedo : _bImp. y Lit. de Don Benito González, _c1861. |
||
| 300 |
_a44 p. ; _c26 cm. |
||
| 530 | _aDisponible en formato digital. | ||
| 650 | 7 |
_aMinas de carbón- _zAsturias (Comunidad Autónoma) _9167408 |
|
| 852 |
_aES-MaACL _jL-32450(1) _z- Enc. cart. _z. - Legado Federico de Botella y de Hornos _z- Enc. en un vol. facticio, con tít. en el lomo de: España, geología: memorias varias, 3 |
||
| 856 |
_uhttp://bdh-rd.bne.es/viewer.vm?id=0000050100&page=1 _zBiblioteca Digital Hispánica |
||
| 999 |
_c189596 _d189596 |
||